The Greville diary : including passages hitherto withheld from publication /

Bibliographic Details
Main Author: Greville, Charles, 1794-1865
Other Authors: Wilson, Philip Whitwell, 1875-
Format: Book
Language:English
Published: London : W. Heinemann, 1927.
Subjects:

MARC

Tag First Indicator Second Indicator Subfields
LEADER 00000cam a2200000 i 4500
001 in00000045774
005 20151007075250.0
008 760727s1927 enkb 00010 eng d
035 |a (OCoLC)02336958 
035 |9 AAF2919AM 
040 |a RBN  |c RBN  |d TXA  |d UtOrBLW 
049 |a TXAM  |v 1 [1115105]  |v 2 [1115516] 
090 |a DA536.G8  |b A4 1927a 
100 1 |a Greville, Charles,  |d 1794-1865. 
245 1 4 |a The Greville diary :  |b including passages hitherto withheld from publication /  |c edited by Philip Whitwell Wilson. 
264 1 |a London :  |b W. Heinemann,  |c 1927. 
300 |a 2 volumes :  |b portraits ;  |c 25 cm. 
336 |a text  |b txt  |2 rdacontent 
337 |a unmediated  |b n  |2 rdamedia 
338 |a volume  |b nc  |2 rdacarrier 
651 0 |a Great Britain  |x History  |y George IV, 1820-1830. 
651 0 |a Great Britain  |x History  |y William IV, 1830-1837. 
651 0 |a Great Britain  |x History  |y Victoria, 1837-1901. 
700 1 |a Wilson, Philip Whitwell,  |d 1875- 
999 |a MARS 
999 f f |s e2c3029e-3562-39c1-9b73-ad08de5d3400  |i c7b07a5f-0e47-3262-9dde-544ead45e2b8  |t 0 
952 f f |p ric  |a Texas A&M University  |b Rellis Campus  |c Joint Library Facility  |d Remote Storage  |t 0  |e DA536.G8 A4 1927  |h Library of Congress classification  |i unmediated -- volume  |k v.2  |m A14801930687 
952 f f |p ric  |a Texas A&M University  |b Rellis Campus  |c Joint Library Facility  |d Remote Storage  |t 0  |e DA536.G8 A4 1927  |h Library of Congress classification  |i unmediated -- volume  |k v.1  |m A14801930679 
998 f f |a DA536.G8 A4 1927  |s v.1-v.2  |t 0  |l Remote Storage